| 000 | 01177cad a22002175a 4500 | ||
|---|---|---|---|
| 001 | L153678 | ||
| 008 | 110816s2011 xxk f 000 0 eng d | ||
| 035 | _a(Sirsi) u153678 | ||
| 041 | 0 | _aeng | |
| 110 | 2 |
_aUnited Kingdom _bDepartment for Environment Food and Rural Affairs |
|
| 245 | 0 | 0 |
_aEnabling the transition to a green economy _bgovernment and business working together _h[electronic resource] |
| 260 |
_aLondon _bDEFRA _c2011 |
||
| 520 | _aExplains what the transition to a green economy means for business including looking ahead to 2020 and mapping out planned government action across areas including climate change, resource efficiency, carbon capture and waste prevention. | ||
| 590 | _aKA NTK | ||
| 651 | 4 |
_aUnited Kingdom _y |
|
| 690 | _aENVIRONMENTAL AND LAND CONSULTANCY-SUSTAINABILITY | ||
| 710 | 1 |
_aUnited Kingdom _bDepartment for Business, Innovation and Skills _95760 |
|
| 710 | 1 |
_aUnited Kingdom _bDepartment of Energy and Climate Change _95850 |
|
| 856 | 4 | 0 |
_uhttps://online.businesslink.gov.uk/Horizontal_Services_files/Enabling_the_transition_to_a_Green_Economy__Main_D.pdf _zView the paper free of charge at www.onlinebusinesslink.gov.uk |
| 942 | _n0 | ||
| 999 |
_c112644 _d112644 |
||